000
00280nam a2200109Ia 4500
008
220204s9999 xx 000 0 und d
082
_a
691.328
_b
NEV.2
100
_a
A
245
0
_a
Fibre reinforced cement and concrete. V 2
260
_a
Lancaster
_b
Construction
_c
1976
942
_c
BK
999
_c
27285
_d
27285